The record of accomplishment; (Record no. 21717)
[ view plain ]
| 000 -LEADER | |
|---|---|
| fixed length control field | 00948cam a22002411 4500 |
| 001 - CONTROL NUMBER | |
| control field | e 40000408 |
| 003 - CONTROL NUMBER IDENTIFIER | |
| control field | DLC |
| 005 - DATE AND TIME OF LATEST TRANSACTION | |
| control field | 20260227111228.0 |
| 008 - FIXED-LENGTH DATA ELEMENTS--GENERAL INFORMATION | |
| fixed length control field | 790917r1939uuuunyua 000 0 eng c |
| 010 ## - LIBRARY OF CONGRESS CONTROL NUMBER | |
| LC control number | e 40000408 |
| 035 ## - SYSTEM CONTROL NUMBER | |
| System control number | (OCoLC)5382408 |
| 040 ## - CATALOGING SOURCE | |
| Original cataloging agency | U.S. Off. of Educ. Library |
| Transcribing agency | OCl |
| Modifying agency | OCoLC |
| -- | DLC |
| 042 ## - AUTHENTICATION CODE | |
| Authentication code | premarc |
| 050 00 - LIBRARY OF CONGRESS CALL NUMBER | |
| Classification number | HF5381 |
| Item number | .N34 1939 |
| 110 2# - MAIN ENTRY--CORPORATE NAME | |
| Corporate name or jurisdiction name as entry element | National Occupational Conference. |
| 245 14 - TITLE STATEMENT | |
| Title | The record of accomplishment; |
| Remainder of title | final report of the director, |
| Statement of responsibility, etc. | National occupational conference. 1933-1939. |
| 260 ## - PUBLICATION, DISTRIBUTION, ETC. | |
| Place of publication, distribution, etc. | New York, N.Y., |
| Name of publisher, distributor, etc. | National occupational conference |
| Date of publication, distribution, etc. | [1939] |
| 300 ## - PHYSICAL DESCRIPTION | |
| Extent | 18, [2] p. |
| Other physical details | illus. |
| Dimensions | 26 cm. |
| 500 ## - GENERAL NOTE | |
| General note | Signed: Edwin A. Lee, director. |
| 500 ## - GENERAL NOTE | |
| General note | "Reprinted, with additions as of September 30, 1939, from Occupations, the vocational guidance magazine, June, 1939, pp. 773-785."--p. [5] |
| 610 20 - SUBJECT ADDED ENTRY--CORPORATE NAME | |
| Corporate name or jurisdiction name as entry element | National Occupational Conference. |
| 700 1# - ADDED ENTRY--PERSONAL NAME | |
| Personal name | Lee, Edwin Augustus, |
| Dates associated with a name | 1888-1966. |
No items available.